000 00662nam a2200241Ia 4500
003 OSt
005 20220918213143.0
006 a|||||r|||| 00| 0
007 ta
008 220917b |||||||| |||| 00| 0 eng d
024 _a131,570
037 _cTextual
040 _aARTS
_cARTS
_beng
041 _2eng
_aeng
082 _aX:8, L3
100 _aGibson James L Ed.
_9125875
245 0 _aReadings in organizations
_b structure, processes, behavior
260 _aLondon
_bIrwin-Dorsey
_c1973
300 _axi,483p.
_ccm.
650 _aMANAGEMENT
_930681
942 _hX:8, L3
_cTEXL
_2CC
999 _c254693
_d254693